[Event "Paracin Winter op"]
[Site "Paracin"]
[Date "2019.02.06"]
[Round "9"]
[White "Vujcic, Milena"]
[Black "Sahin, Doga Boran"]
[Result "1/2-1/2"]
[WhiteElo "1913"]
[BlackElo "2096"]
[PlyCount "120"]
[EventDate "2019.01.31"]
[EventType "swiss"]
[EventRounds "9"]
[EventCountry "SRB"]
[SourceTitle "CBM 188 Extra"]
[Source "ChessBase"]
[SourceDate "2019.02.28"]
[SourceVersion "1"]
[SourceVersionDate "2019.02.28"]
[SourceQuality "1"]

1. e4 e6 2. d4 d5 3. e5 c5 4. c3 Nc6 5. Nf3 Qb6 6. a3 Nh6 7. Bd3 cxd4 8. cxd4 Nf5 9. Bxf5 exf5 10. Nc3 Be6 11. 0-0 h6 12. h4 Be7 13. Na4 Qb5 14. Nc3 Qa6 15. Be3 b6 16. b4 Qb7 17. Qd2 a5 18. b5 Na7 19. a4 Rc8 20. Qd3 Kd7 21. Rfc1 Rc4 22. Nd2 Rc7 23. h5 Rhc8 24. Ne2 Bb4 25. f3 Rxc1+ 26. Rxc1 Rxc1+ 27. Nxc1 Qc7 28. Na2 Bf8 29. Qc3 Nc8 30. Kf2 Qxc3 31. Nxc3 Bb4 32. Ne2 Ne7 33. g3 f4 34. Bxf4 Bf5 35. Nc1 Bc2 36. Na2 Bxa4 37. Nb1 Bxb5 38. Nxb4 axb4 39. g4 Bd3 40. Nd2 Bc2 41. Nf1 Nc6 42. Bd2 b3 43. Bc3 b5 44. Ne3 b4 45. Ba1 Ke6 46. f4 Be4 47. f5+ Ke7 48. Nd1 Bc2 49. Ne3 Be4 50. Nd1 Na5 51. Nb2 Bc2 52. Ke3 Nc4+ 53. Kf4 Nb6 54. g5 hxg5+ 55. Kxg5 Kf8 56. f6 gxf6+ 57. Kxf6 Nd7+ 58. Kg5 Nb6 59. Kf6 Nd7+ 60. Kg5 Nb6 1/2-1/2

[Event "Marmaris Karya 2nd"]
[Site "Marmaris"]
[Date "2018.08.29"]
[Round "2"]
[White "Guseynov, Alihan"]
[Black "Sahin, Doga Boran"]
[Result "1/2-1/2"]
[WhiteElo "2329"]
[BlackElo "2052"]
[PlyCount "73"]
[EventDate "2018.08.29"]
[EventType "schev"]
[EventRounds "10"]
[EventCountry "TUR"]
[SourceTitle "CBM 186 Extra"]
[Source "ChessBase"]
[SourceDate "2018.08.24"]
[SourceVersion "1"]
[SourceVersionDate "2018.08.24"]
[SourceQuality "1"]

1. c4 e6 2. Nf3 d5 3. d4 c6 4. e3 Nf6 5. b3 Nbd7 6. Bb2 Bd6 7. Bd3 b6 8. 0-0 0-0 9. Nc3 Bb7 10. Qe2 c5 11. cxd5 exd5 12. Ba6 Qc8 13. Bxb7 Qxb7 14. Rfd1 Rfd8 15. dxc5 bxc5 16. Qb5 Nb6 17. Na4 Qd7 18. Qxd7 Nfxd7 19. Nxb6 Nxb6 20. Rac1 f6 21. Ba3 Rac8 22. Rc2 c4 23. Bxd6 Rxd6 24. Nd4 Kf7 25. Kf1 Rdd8 26. Ke2 g6 27. Nb5 Rd7 28. bxc4 Nxc4 29. Na3 Rdc7 30. Rdc1 Rc5 31. e4 Ra5 32. Nxc4 dxc4 33. Rxc4 Rxa2+ 34. Ke3 Ra3+ 35. Ke2 Ra2+ 36. Ke3 Ra3+ 37. Ke2 1/2-1/2

[Event "TUR-chT 1st League"]
[Site "Konya"]
[Date "2018.07.21"]
[Round "8.4"]
[White "Sahin, Doga Boran"]
[Black "Keskin, Osman Orcun"]
[Result "1-0"]
[WhiteElo "2059"]
[BlackElo "1678"]
[PlyCount "68"]
[EventDate "2018.07.16"]
[EventType "team-swiss"]
[EventRounds "9"]
[EventCountry "TUR"]
[SourceTitle "EXT 2019"]
[Source "ChessBase"]
[SourceDate "2018.10.10"]
[SourceVersion "1"]
[SourceVersionDate "2018.10.10"]
[SourceQuality "1"]
[WhiteTeam "Tatvan Egitimi"]
[BlackTeam "Burdurspor Dernegi"]
[WhiteTeamCountry "TUR"]
[BlackTeamCountry "TUR"]

1. e4 c6 2. d4 d5 3. e5 Bf5 4. Nc3 e6 5. g4 Bg6 6. Nge2 h6 7. Nf4 Bh7 8. Bd3 Bxd3 9. Qxd3 a6 10. Nce2 c5 11. c3 Nc6 12. a3 Qb6 13. b4 cxd4 14. cxd4 Qb5 15. Bb2 Nge7 16. 0-0-0 Qxd3 17. Nxd3 Nc8 18. f4 Be7 19. f5 a5 20. Nef4 axb4 21. axb4 Bg5 22. Rhf1 0-0 23. Kb1 Bxf4 24. Rxf4 b6 25. fxe6 fxe6 26. Rxf8+ Kxf8 27. Nf4 Nd8 28. Rf1 Ke8 29. Nh5 Ra7 30. Rc1 Kd7 31. Nxg7 Ra4 32. Nh5 Nf7 33. Nf6+ Kd8 34. Rc6 Ng5 1-0

[Event "TUR-chT 1st League"]
[Site "Konya"]
[Date "2018.07.17"]
[Round "3.1"]
[White "Karaahmetoglu, Ege"]
[Black "Sahin, Doga Boran"]
[Result "1/2-1/2"]
[WhiteElo "2040"]
[BlackElo "2059"]
[PlyCount "74"]
[EventDate "2018.07.16"]
[EventType "team-swiss"]
[EventRounds "9"]
[EventCountry "TUR"]
[SourceTitle "EXT 2019"]
[Source "ChessBase"]
[SourceDate "2018.10.10"]
[SourceVersion "1"]
[SourceVersionDate "2018.10.10"]
[SourceQuality "1"]
[WhiteTeam "Ankara Dernegi"]
[BlackTeam "Tatvan Egitimi"]
[WhiteTeamCountry "TUR"]
[BlackTeamCountry "TUR"]

1. e4 e6 2. d4 d5 3. Nd2 c5 4. Ngf3 cxd4 5. Nxd4 Nf6 6. exd5 Qxd5 7. Nb5 Na6 8. c4 Qc6 9. Nf3 Bb4+ 10. Bd2 Bxd2+ 11. Qxd2 0-0 12. Be2 b6 13. Nfd4 Qd7 14. Bf3 Bb7 15. Bxb7 Qxb7 16. 0-0 Rfd8 17. Qe2 Nc7 18. Rfd1 a6 19. Nc3 Rd7 20. Rd3 Rad8 21. Rad1 Nce8 22. Nf3 Rxd3 23. Rxd3 Rxd3 24. Qxd3 Qc7 25. h3 h6 26. Ne4 Nxe4 27. Qxe4 Nd6 28. Qa8+ Kh7 29. Qxa6 Nxc4 30. Qb5 Nd6 31. Qe2 Kg8 32. Qd3 Nf5 33. Qc3 Qd6 34. Qc8+ Kh7 35. Qc2 Kg8 36. Qc8+ Kh7 37. Qc2 Kg8 1/2-1/2

[Event "Veliko Gradiste Silver Lake op-A"]
[Site "Veliko Gradiste"]
[Date "2018.06.24"]
[Round "9"]
[White "Krasteva, Beloslava"]
[Black "Sahin, Doga Boran"]
[Result "1-0"]
[WhiteElo "2040"]
[BlackElo "2129"]
[PlyCount "123"]
[EventDate "2018.06.17"]
[EventType "swiss"]
[EventRounds "9"]
[EventCountry "SRB"]
[SourceTitle "EXT 2019"]
[Source "ChessBase"]
[SourceDate "2018.10.10"]
[SourceVersion "1"]
[SourceVersionDate "2018.10.10"]
[SourceQuality "1"]

1. d4 d5 2. c4 c6 3. cxd5 cxd5 4. Nf3 Nf6 5. Nc3 Nc6 6. Bf4 Bf5 7. e3 e6 8. Qb3 Bb4 9. Bb5 0-0 10. 0-0 Bxc3 11. Bxc6 Bxb2 12. Bxb7 Bxa1 13. Rxa1 Rc8 14. Bxc8 Qxc8 15. Bd6 Re8 16. Bc5 Qa6 17. a4 Rc8 18. Qb5 Qxb5 19. axb5 Bd3 20. Rxa7 Bxb5 21. Ne5 Be8 22. f3 h6 23. Kf2 Nh7 24. Nd3 Nf6 25. Ne5 Nh7 26. Rb7 Ra8 27. g4 Nf8 28. Kg3 f6 29. Nd3 Nd7 30. Ba7 Rc8 31. Nf4 Rc6 32. h4 Kf7 33. Bc5 Kg8 34. h5 Nxc5 35. dxc5 Bf7 36. Rb8+ Kh7 37. Rb7 Kg8 38. Ng6 Bxg6 39. hxg6 Kf8 40. Rb8+ Ke7 41. Rg8 f5 42. gxf5 exf5 43. Rxg7+ Kf6 44. Rd7 Rxc5 45. g7 Rc8 46. Rxd5 Kxg7 47. Rxf5 Kg6 48. Kg4 Rc1 49. e4 Rg1+ 50. Kf4 Ra1 51. Rb5 Ra6 52. Kg4 Rc6 53. f4 Rc1 54. Rb6+ Kg7 55. e5 Rg1+ 56. Kf5 h5 57. Rb7+ Kh6 58. e6 h4 59. e7 Rg8 60. Rb6+ Kh5 61. Rf6 Re8 62. Rf8 1-0

[Event "Veliko Gradiste Silver Lake op-A"]
[Site "Veliko Gradiste"]
[Date "2018.06.21"]
[Round "6"]
[White "Djokic, Mihailo"]
[Black "Sahin, Doga Boran"]
[Result "1-0"]
[WhiteElo "2009"]
[BlackElo "2129"]
[PlyCount "29"]
[EventDate "2018.06.17"]
[EventType "swiss"]
[EventRounds "9"]
[EventCountry "SRB"]
[SourceTitle "CBM 185 Extra"]
[Source "ChessBase"]
[SourceDate "2018.07.29"]
[SourceVersion "1"]
[SourceVersionDate "2018.07.29"]
[SourceQuality "1"]

1. e4 e6 2. d4 d5 3. Nc3 Nf6 4. Bg5 Bb4 5. e5 h6 6. Be3 Ne4 7. Qg4 g6 8. a3 Bxc3+ 9. bxc3 h5 10. Qf3 c5 11. Bd3 Nxc3 12. Nh3 Nc6 13. Bg5 Qa5 14. 0-0 Nxd4 15. Qf6 1-0

[Event "Veliko Gradiste Silver Lake op-A"]
[Site "Veliko Gradiste"]
[Date "2018.06.19"]
[Round "4"]
[White "Sahin, Doga Boran"]
[Black "Marjanovic, Annamaria"]
[Result "0-1"]
[WhiteElo "2129"]
[BlackElo "2343"]
[PlyCount "126"]
[EventDate "2018.06.17"]
[EventType "swiss"]
[EventRounds "9"]
[EventCountry "SRB"]
[SourceTitle "CBM 185 Extra"]
[Source "ChessBase"]
[SourceDate "2018.07.29"]
[SourceVersion "1"]
[SourceVersionDate "2018.07.29"]
[SourceQuality "1"]

1. e4 e5 2. Nf3 Nc6 3. Bb5 a6 4. Ba4 Nf6 5. 0-0 Be7 6. Re1 b5 7. Bb3 d6 8. c3 0-0 9. h3 Nb8 10. d4 Nbd7 11. Nbd2 Bb7 12. Bc2 Re8 13. a4 Bf8 14. Bd3 c6 15. b3 Nh5 16. Nf1 g6 17. Bg5 Qc7 18. Qd2 f6 19. Bh6 Nb6 20. a5 Nd7 21. Bxf8 Nxf8 22. c4 Nf4 23. d5 b4 24. dxc6 Bxc6 25. Bc2 Rab8 26. Red1 Red8 27. Ne3 N8e6 28. Nd5 Bxd5 29. exd5 Nc5 30. Nd4 Nxh3+ 31. gxh3 exd4 32. Qxd4 Kg7 33. Re1 Re8 34. Qd2 Qd7 35. Kg2 Re5 36. f4 Ree8 37. Rxe8 Qxe8 38. Re1 Qd8 39. h4 f5 40. Qd4+ Kf7 41. h5 Qf6 42. Qxf6+ Kxf6 43. hxg6 hxg6 44. Rh1 Re8 45. Kf2 Kg7 46. Rg1 Rf8 47. Re1 Rh8 48. Kg3 Kf7 49. Rf1 Nd7 50. Re1 Re8 51. Rh1 Nf6 52. Kf3 Kg7 53. Ra1 Ng4 54. Bd1 Re1 55. Ra4 Rxd1 56. Rxb4 Nf6 57. Rb7+ Kh6 58. Rb6 Ne4 59. Rxa6 Rd3+ 60. Ke2 Rxb3 61. Ra8 Ra3 62. a6 Kh5 63. a7 Kg4 0-1

[Event "TUR Cup										"]
[Site "Antalya"]
[Date "2018.01.28"]
[Round "2"]
[White "Ozbag, Berat"]
[Black "Sahin, Doga Boran"]
[Result "1/2-1/2"]
[WhiteElo "1701"]
[BlackElo "1984"]
[PlyCount "125"]
[EventDate "2018.01.27"]
[EventType "swiss"]
[EventRounds "11"]
[EventCountry "TUR"]
[SourceTitle "CBM 182 Extra"]
[Source "ChessBase"]
[SourceDate "2018.02.23"]
[SourceVersion "1"]
[SourceVersionDate "2018.02.23"]
[SourceQuality "1"]

1. d4 d5 2. c4 c6 3. Nf3 Nf6 4. Nc3 e6 5. g3 Nbd7 6. Bg2 Bd6 7. b3 0-0 8. 0-0 b6 9. Bb2 Bb7 10. Nd2 c5 11. e4 cxd4 12. Nb5 Bc5 13. exd5 exd5 14. Nxd4 Qc8 15. Rc1 dxc4 16. Nxc4 Bxg2 17. Kxg2 Qb7+ 18. Qf3 Qxf3+ 19. Nxf3 Rfe8 20. Rfe1 h6 21. Nce5 Nxe5 22. Nxe5 Rad8 23. Red1 a5 24. Rd3 Ne4 25. Rcd1 Rc8 26. Ng4 h5 27. Ne3 Nxf2 28. Kxf2 Bxe3+ 29. Kf3 Rc2 30. Rxe3 Rxe3+ 31. Kxe3 Rxb2 32. Rd6 Rxa2 33. Rxb6 Rxh2 34. Rb5 Rb2 35. Rxh5 Rxb3+ 36. Kf2 a4 37. Ra5 a3 38. g4 f6 39. g5 fxg5 40. Rxg5 Rb1 41. Ra5 Ra1 42. Ra7 Kh7 43. Kg2 Kh6 44. Ra5 g5 45. Ra8 Kg6 46. Ra5 Ra2+ 47. Kg3 Ra1 48. Kg2 a2 49. Ra8 Kf5 50. Rf8+ Ke5 51. Re8+ Kd5 52. Rd8+ Kc6 53. Ra8 Kb7 54. Ra3 g4 55. Ra4 Kb6 56. Ra8 Kc5 57. Rc8+ Kd6 58. Rd8+ Ke6 59. Re8+ Kf6 60. Rf8+ Kg7 61. Ra8 g3 62. Ra6 Kf7 63. Ra8 1/2-1/2

[Event "TUR Cup										"]
[Site "Antalya"]
[Date "2018.01.27"]
[Round "1"]
[White "Sahin, Doga Boran"]
[Black "Atas, Remzi"]
[Result "1-0"]
[WhiteElo "1984"]
[BlackElo "1558"]
[PlyCount "79"]
[EventDate "2018.01.27"]
[EventType "swiss"]
[EventRounds "11"]
[EventCountry "TUR"]
[SourceTitle "CBM 182 Extra"]
[Source "ChessBase"]
[SourceDate "2018.02.23"]
[SourceVersion "1"]
[SourceVersionDate "2018.02.23"]
[SourceQuality "1"]

1. e4 c6 2. d4 d5 3. e5 Bf5 4. Nf3 e6 5. Be2 c5 6. Be3 Nd7 7. 0-0 Rc8 8. c3 a6 9. Ne1 cxd4 10. cxd4 Qc7 11. Nc3 Bb4 12. Rc1 Qa5 13. Bd2 Ne7 14. a3 Bxc3 15. Bxc3 Qb6 16. Qd2 0-0 17. Nc2 Bxc2 18. Rxc2 Nc6 19. Rcc1 Qd8 20. f4 f5 21. g4 Qh4 22. g5 h6 23. gxh6 gxh6 24. Rf3 Kh8 25. Qe3 Rg8+ 26. Kh1 Kh7 27. Rh3 Qe7 28. Rxh6+ Kxh6 29. Qh3+ Kg7 30. Rg1+ Kf8 31. Qh6+ Qg7 32. Rxg7 Rxg7 33. Qxe6 Nb6 34. Qxf5+ Kg8 35. Qh5 Rh7 36. Qg5+ Rg7 37. Qh4 Nxd4 38. Bg4 Rc4 39. Bxd4 Rxd4 40. Be6+ 1-0

[Event "Mersin op 2nd"]
[Site "Mersin"]
[Date "2017.10.25"]
[Round "6"]
[White "Sahin, Doga Boran"]
[Black "Valansi, Avram Alber"]
[Result "1-0"]
[WhiteElo "1974"]
[BlackElo "1876"]
[PlyCount "101"]
[EventDate "2017.10.22"]
[EventType "swiss"]
[EventRounds "9"]
[EventCountry "TUR"]
[SourceTitle "CBM 181 Extra"]
[Source "ChessBase"]
[SourceDate "2017.12.12"]
[SourceVersion "1"]
[SourceVersionDate "2017.12.12"]
[SourceQuality "1"]

1. e4 c5 2. Nf3 a6 3. c3 d5 4. exd5 Qxd5 5. d4 Nf6 6. Be2 cxd4 7. cxd4 e6 8. Nc3 Qd8 9. 0-0 Be7 10. Ne5 Nc6 11. Be3 0-0 12. Bf3 Nb4 13. Qb3 Nbd5 14. Rac1 Ra7 15. Rfd1 Nxe3 16. fxe3 Bd6 17. Na4 Nd5 18. e4 Ne7 19. Nb6 Bc7 20. Nec4 Nc6 21. d5 Na5 22. Qe3 Nxc4 23. Nxc4 b5 24. Qxa7 bxc4 25. Kh1 Bb6 26. Qb8 Bc7 27. Qb4 exd5 28. Rxd5 Qh4 29. Rh5 Qf4 30. Qxc4 g6 31. Qxc7 Qxc7 32. Rxc7 gxh5 33. Bxh5 Be6 34. a3 Rb8 35. Rc2 Kg7 36. h3 Kf6 37. Bf3 Ke5 38. b4 Rb6 39. Rc5+ Kd4 40. Kh2 Bc4 41. Kg3 Bd3 42. e5 Rb5 43. Rxb5 axb5 44. Kf4 Kc4 45. Bh5 Kb3 46. Bxf7+ Kxa3 47. e6 Bc4 48. Bg8 Kxb4 49. e7 Bxg8 50. e8Q Bc4 51. Ke3 1-0

[Event "Mersin op 2nd"]
[Site "Mersin"]
[Date "2017.10.23"]
[Round "2"]
[White "Gokcek, Kursat Bugra"]
[Black "Sahin, Doga Boran"]
[Result "0-1"]
[WhiteElo "1957"]
[BlackElo "1974"]
[PlyCount "118"]
[EventDate "2017.10.22"]
[EventType "swiss"]
[EventRounds "9"]
[EventCountry "TUR"]
[SourceTitle "CBM 181 Extra"]
[Source "ChessBase"]
[SourceDate "2017.12.12"]
[SourceVersion "1"]
[SourceVersionDate "2017.12.12"]
[SourceQuality "1"]

1. e4 e6 2. d4 d5 3. Nc3 Nf6 4. exd5 exd5 5. Bd3 Nc6 6. Bb5 Bd6 7. Nge2 0-0 8. Bg5 Be6 9. Qd2 a6 10. Bxc6 bxc6 11. 0-0 h6 12. Bf4 Bf5 13. Ng3 Bxf4 14. Qxf4 Bxc2 15. Rac1 Bg6 16. Na4 Re8 17. Rfd1 Qd7 18. f3 Re7 19. Rc3 Rae8 20. Qc1 h5 21. Nf1 h4 22. Nc5 Qc8 23. Re3 Nd7 24. Kf2 Rxe3 25. Nxe3 Nxc5 26. Qxc5 Qb7 27. b4 a5 28. a3 axb4 29. axb4 Rb8 30. Rc1 Qxb4 31. Qxb4 Rxb4 32. Rxc6 Rxd4 33. Rxc7 Rd3 34. Rd7 d4 35. Nf1 Rd1 36. Ke2 Bc2 37. Rd6 d3+ 38. Kf2 g5 39. Rd5 f6 40. Rd7 Ba4 41. Rd4 Bb5 42. Rd5 Ba4 43. Rd4 Bc2 44. Rd7 Kf8 45. Rd6 Ke7 46. Rd5 Bb3 47. Rd4 Ke6 48. Re4+ Kd6 49. Rd4+ Kc5 50. Rd8 Kb4 51. Rb8+ Kc3 52. Rc8+ Kb2 53. Rd8 Kc3 54. Rc8+ Kb2 55. Rb8 Rxf1+ 56. Kxf1 d2 57. Rd8 d1Q+ 58. Rxd1 Bxd1 59. Kf2 Kc3 0-1

[Event "Mersin op 2nd"]
[Site "Mersin"]
[Date "2017.10.23"]
[Round "3"]
[White "Sahin, Doga Boran"]
[Black "Darban Vaighani, Morteza"]
[Result "1/2-1/2"]
[WhiteElo "1974"]
[BlackElo "2321"]
[PlyCount "158"]
[EventDate "2017.10.22"]
[EventType "swiss"]
[EventRounds "9"]
[EventCountry "TUR"]
[SourceTitle "CBM 181 Extra"]
[Source "ChessBase"]
[SourceDate "2017.12.12"]
[SourceVersion "1"]
[SourceVersionDate "2017.12.12"]
[SourceQuality "1"]

1. e4 Nf6 2. e5 Nd5 3. c4 Nb6 4. d4 d6 5. f4 Bf5 6. Nc3 e6 7. Be3 Be7 8. Bd3 Bxd3 9. Qxd3 0-0 10. Nf3 d5 11. c5 Nc4 12. Bc1 b6 13. b3 Na5 14. b4 Nc4 15. Rb1 a5 16. a3 axb4 17. axb4 bxc5 18. bxc5 f5 19. 0-0 Nc6 20. Nd2 Qd7 21. Ne2 N6a5 22. Nxc4 Nxc4 23. Bb2 Ra2 24. Bc3 Qa4 25. Ra1 Qc2 26. Qxc2 Rxc2 27. Kf2 Kf7 28. Ra7 Rc8 29. Rc1 Rxc1 30. Nxc1 Ke8 31. Nd3 Kd7 32. Bb4 Bd8 33. c6+ Kxc6 34. g3 g6 35. Bf8 Bf6 36. Bb4 Bg7 37. Be7 Nd2 38. Ra6+ Kd7 39. Bb4 Ne4+ 40. Ke3 Rb8 41. Ra7 Bf8 42. Bxf8 Rxf8 43. Nc5+ Nxc5 44. dxc5 Rb8 45. Ra6 Rb3+ 46. Kd2 Rb2+ 47. Kd3 Rb3+ 48. Kc2 Rb4 49. c6+ Ke7 50. Kd3 Rb6 51. Ra8 Rxc6 52. Rh8 h5 53. Rh7+ Kf8 54. Kd4 Rc2 55. Kd3 Rxh2 56. Rxc7 Rg2 57. Rh7 Rxg3+ 58. Kd4 Rf3 59. Kc5 Kg8 60. Ra7 Rxf4 61. Kd6 Rb4 62. Kxe6 Rb6+ 63. Ke7 f4 64. e6 Kg7 65. Kd7 f3 66. e7 Rb8 67. e8Q Rxe8 68. Kxe8+ Kf6 69. Rf7+ Ke5 70. Rxf3 g5 71. Kf7 g4 72. Rf1 g3 73. Kg6 Ke4 74. Kxh5 g2 75. Rg1 Kf3 76. Rxg2 Kxg2 77. Kg4 Kf2 78. Kf4 d4 79. Ke4 Ke2 1/2-1/2

[Event "TUR-chT 1st League"]
[Site "Konya"]
[Date "2017.07.18"]
[Round "3.4"]
[White "Guncan, Berke"]
[Black "Sahin, Doga Boran"]
[Result "1-0"]
[WhiteElo "2043"]
[BlackElo "2018"]
[PlyCount "78"]
[EventDate "2017.07.17"]
[EventType "team-swiss"]
[EventRounds "9"]
[EventCountry "TUR"]
[SourceTitle "CBM 179 Extra"]
[Source "ChessBase"]
[SourceDate "2017.08.23"]
[SourceVersion "1"]
[SourceVersionDate "2017.08.23"]
[SourceQuality "1"]
[WhiteTeam "Denizli Metin Surmeli"]
[BlackTeam "Biltis Tatvan"]
[WhiteTeamCountry "TUR"]
[BlackTeamCountry "TUR"]

1. c4 e6 2. g3 d5 3. Bg2 Nf6 4. d4 g6 5. Nf3 Bg7 6. 0-0 0-0 7. Nc3 Nbd7 8. b3 b6 9. Bb2 Bb7 10. Qc2 c5 11. Rfd1 a6 12. dxc5 bxc5 13. cxd5 exd5 14. Ng5 Rb8 15. h4 h6 16. Nh3 d4 17. Na4 Bxg2 18. Kxg2 Qe7 19. Ba3 Rbc8 20. Rac1 Rfe8 21. Nxc5 Bf8 22. Nxd7 Qxd7 23. Qb2 Bxa3 24. Qxa3 Rxc1 25. Rxc1 Qd5+ 26. Kg1 Qf5 27. Qxa6 Nd5 28. Kh2 Nc3 29. Qd3 Qf6 30. Rc2 g5 31. hxg5 hxg5 32. Rd2 g4 33. Nf4 Re4 34. Rc2 Qh6+ 35. Kg1 f5 36. a4 Re7 37. Qxf5 Rh7 38. Qe6+ Qxe6 39. Nxe6 Rd7 1-0

[Event "Cesme op 5th"]
[Site "Cesme"]
[Date "2017.06.14"]
[Round "4"]
[White "Sahin, Doga Boran"]
[Black "Morchiashvili, Bachana"]
[Result "1/2-1/2"]
[WhiteElo "2072"]
[BlackElo "2403"]
[PlyCount "62"]
[EventDate "2017.06.12"]
[EventType "swiss"]
[EventRounds "9"]
[EventCountry "TUR"]
[SourceTitle "CBM 178 Extra"]
[Source "ChessBase"]
[SourceDate "2017.06.22"]
[SourceVersion "1"]
[SourceVersionDate "2017.06.22"]
[SourceQuality "1"]

1. e4 c5 2. Nf3 d6 3. d4 cxd4 4. Nxd4 Nf6 5. Nc3 a6 6. Bg5 Nbd7 7. f4 g6 8. Qf3 Bg7 9. 0-0-0 0-0 10. h4 e5 11. Nb3 exf4 12. Rxd6 Qe7 13. Rd2 Ne5 14. Qxf4 h6 15. Bxf6 Qxf6 16. Qxf6 Bxf6 17. Nd5 Bg7 18. Ne7+ Kh7 19. Nxc8 Raxc8 20. Be2 h5 21. Kb1 Rfe8 22. Rf1 Re7 23. Rd5 Nc4 24. Bxc4 Rxc4 25. Nd2 Rb4 26. b3 Rb6 27. c4 Rf6 28. Nf3 Kh6 29. e5 Rf4 30. Re1 Rg4 31. Rd2 b5 1/2-1/2

[Event "World School-ch U15"]
[Site "Sochi"]
[Date "2016.12.11"]
[Round "9"]
[White "Sahin, Doga Boran"]
[Black "Edirisinghe, S Thulnith"]
[Result "1-0"]
[WhiteElo "2185"]
[BlackElo "1561"]
[PlyCount "87"]
[EventDate "2016.12.03"]
[EventType "swiss"]
[EventRounds "9"]
[EventCountry "RUS"]
[SourceTitle "EXT 2018"]
[Source "ChessBase"]
[SourceDate "2017.10.13"]
[SourceVersion "1"]
[SourceVersionDate "2017.10.13"]
[SourceQuality "1"]

1. e4 c5 2. Nf3 d6 3. d4 cxd4 4. Nxd4 Nf6 5. Nc3 a6 6. g3 e5 7. Nde2 Be6 8. Bg2 Be7 9. h3 Qc7 10. a4 Nbd7 11. Be3 0-0 12. 0-0 Rac8 13. g4 Bc4 14. Re1 Bxe2 15. Qxe2 Nb6 16. g5 Nfd7 17. h4 Rce8 18. a5 Nc8 19. Nd5 Qc6 20. b4 Kh8 21. Ra3 Rd8 22. Rc3 Qa4 23. Rc7 g6 24. Rxb7 f5 25. exf5 gxf5 26. Qh5 Rg8 27. Qd1 Rg7 28. Qd3 e4 29. Qc3 Kg8 30. Ra1 Qxa1+ 31. Qxa1 Ne5 32. Bd4 Bf8 33. Rxg7+ Bxg7 34. Nf6+ Bxf6 35. gxf6 Ng6 36. b5 axb5 37. a6 Kf7 38. a7 Nxa7 39. Qxa7+ Ke6 40. h5 Rd7 41. Qa2+ d5 42. hxg6 hxg6 43. Qa6+ Kf7 44. Qxb5 1-0